<?xml version="1.0" encoding="UTF-8"?>
<record
    xmlns:xsi="http://www.w3.org/2001/XMLSchema-instance"
    xsi:schemaLocation="http://www.loc.gov/MARC21/slim http://www.loc.gov/standards/marcxml/schema/MARC21slim.xsd"
    xmlns="http://www.loc.gov/MARC21/slim">

  <leader>00997nam a22002537a 4500</leader>
  <controlfield tag="001">10074</controlfield>
  <controlfield tag="003">FISKH</controlfield>
  <controlfield tag="005">20260403105418.0</controlfield>
  <controlfield tag="008">260403b        cb ||||| |||| 00| 0 eng d</controlfield>
  <datafield tag="020" ind1=" " ind2=" ">
    <subfield code="a">9780513019461</subfield>
  </datafield>
  <datafield tag="040" ind1=" " ind2=" ">
    <subfield code="a">FISKH</subfield>
    <subfield code="b">eng</subfield>
    <subfield code="c">FISKH</subfield>
    <subfield code="d">FISKH</subfield>
  </datafield>
  <datafield tag="050" ind1=" " ind2=" ">
    <subfield code="a">LB1044.9 .F55 .W34</subfield>
  </datafield>
  <datafield tag="082" ind1=" " ind2=" ">
    <subfield code="a">372.2</subfield>
  </datafield>
  <datafield tag="100" ind1=" " ind2=" ">
    <subfield code="a">Walters, Connie </subfield>
  </datafield>
  <datafield tag="245" ind1=" " ind2=" ">
    <subfield code="a">Songs for the Flannel board : </subfield>
    <subfield code="b">New songs to familiar melodies with pictures for the Flannel board /</subfield>
    <subfield code="c">By Connie Walters ; Illustrations by Diane Wood Totten </subfield>
  </datafield>
  <datafield tag="260" ind1=" " ind2=" ">
    <subfield code="a">Minnesota : </subfield>
    <subfield code="b">T.S. Denison, </subfield>
    <subfield code="c">1989.</subfield>
  </datafield>
  <datafield tag="300" ind1=" " ind2=" ">
    <subfield code="a">54 pages : </subfield>
    <subfield code="b">illustrations ; </subfield>
    <subfield code="c">28 cm </subfield>
  </datafield>
  <datafield tag="520" ind1=" " ind2=" ">
    <subfield code="a">A collection of songs and flannel board activities for young children, using familiar melodies and picture pieces to support music, storytelling, and early literacy learning.</subfield>
  </datafield>
  <datafield tag="650" ind1=" " ind2=" ">
    <subfield code="a">Children&#x2019;s songs </subfield>
    <subfield code="v">Activity songs</subfield>
  </datafield>
  <datafield tag="650" ind1=" " ind2=" ">
    <subfield code="a"> Study and teaching</subfield>
    <subfield code="v">Early childhood</subfield>
  </datafield>
  <datafield tag="700" ind1=" " ind2=" ">
    <subfield code="a">Totten, Diane </subfield>
    <subfield code="e">Author </subfield>
  </datafield>
  <datafield tag="942" ind1=" " ind2=" ">
    <subfield code="2">ddc</subfield>
    <subfield code="c">BK</subfield>
    <subfield code="n">0</subfield>
  </datafield>
  <datafield tag="999" ind1=" " ind2=" ">
    <subfield code="c">10074</subfield>
    <subfield code="d">10074</subfield>
  </datafield>
  <datafield tag="952" ind1=" " ind2=" ">
    <subfield code="0">0</subfield>
    <subfield code="1">0</subfield>
    <subfield code="2">ddc</subfield>
    <subfield code="4">0</subfield>
    <subfield code="7">0</subfield>
    <subfield code="8">REF</subfield>
    <subfield code="a">002</subfield>
    <subfield code="b">002</subfield>
    <subfield code="c">LSHTTP</subfield>
    <subfield code="d">2026-04-03</subfield>
    <subfield code="l">0</subfield>
    <subfield code="o">WAT 372.2  LB1044.9 .F55 .W34 </subfield>
    <subfield code="p">2026-0454</subfield>
    <subfield code="r">2026-04-03 10:54:15</subfield>
    <subfield code="t">1</subfield>
    <subfield code="w">2026-04-03</subfield>
    <subfield code="y">BK</subfield>
  </datafield>
</record>
